000 00496nam a2200181Ia 4500
008 131103s9999 xx 000 0 und d
020 _a1 56565 240 1
040 _aLoreto College
041 _aEnglish
082 _a428/CUN
_bLCBED/12355
100 _aCuneo, Diane
245 _aStory stariers
_b my first stories
_cDiane Cuneo
260 _aLos Angles
_bLowell House Juvenile
_c1995
300 _a80p.
_b ill.
_c 26cm.
650 _aEnglish readers
850 _aLCBED/428/CUN
942 _cBK
999 _c30447
_d80926